000 00374nam a2200157Ia 4500
008 230917s9999||||xx |||||||||||||| ||und||
040 _e160270
_aMAIN
041 _aEnglish
082 _a657.48 N164F
100 _aNarayanswamy, R
245 0 _aFinancial accounting
250 _a2nd ed.
260 _aNew Delhi
_bPrentice-Hall
_c2006
300 _a663 p.
942 _cBK
999 _c137113
_d137113